Management International Review

Detalles Bibliográficos
Formato: eBook
Lenguaje:inglés
Publicado: Berln̕: Gabler Verlag, 1992 -
Materias:
Acceso en línea:Acceso restringido

MARC

LEADER 00000nam a22000007a 4500
005 20191018225252.0
007 cr|||| ||||
008 191018c19929999de qr|w s|||| 0|||b1eng d
022 |a 0938-8249 
035 |a 3747 
040 |a vLex 
090 |c 9925  |d 9925 
245 0 0 |a Management International Review  |h [Recurso electrn̤ico] / 
256 |a Servicio en ln̕ea 
260 |a Berln̕:  |b Gabler Verlag,  |c 1992 - 
300 |a 1 recurso electrn̤ico 
310 |a Trimestral 
506 1 |a Disponible solo en los productos indicados  |d vLex Global  |d vLex Global (Academic Edition, excluding Law Schools)  |d vLex Global (U.S. Academic Edition, Law Schools)  |d vLex Global (U.S. Academic Edition, excluding Law Schools)  |d vLex Global (Academic Edition, Law Schools) 
650 0 4 |a Administracin̤ (Management)  |z Alemania 
650 0 4 |a Relaciones internacionales  |z Alemania 
740 0 |a vLex Revistas (Servicio en ln̕ea) 
856 4 0 |u http://vlex.com/source/management-international-review-3747  |z Acceso restringido 
942 |c REV 
999 0 |a Administration (Management) 
999 0 |a International relations